[Event "AUS-ch Major"]
[Site "Cammeray"]
[Date "2018.01.06"]
[Round "6"]
[White "Corona, Fabrizio"]
[Black "Dickson, Ian C"]
[Result "1-0"]
[WhiteElo "1409"]
[BlackElo "1656"]
[PlyCount "85"]
[EventDate "2018.01.02"]
[EventType "swiss"]
[EventRounds "11"]
[EventCountry "AUS"]
[SourceTitle "CBM 182 Extra"]
[Source "ChessBase"]
[SourceDate "2018.02.23"]
[SourceVersion "1"]
[SourceVersionDate "2018.02.23"]
[SourceQuality "1"]

1. Nf3 Nf6 2. b3 g6 3. Bb2 Bg7 4. d4 0-0 5. Nbd2 d5 6. e3 c5 7. c3 b6 8. Ne5 Bb7 9. Be2 Nc6 10. Ndf3 Nd7 11. Nxc6 Bxc6 12. 0-0 Re8 13. h4 e5 14. h5 e4 15. Nh2 Qg5 16. hxg6 hxg6 17. Bg4 f5 18. Bh3 Nf6 19. Ba3 Kf7 20. dxc5 Rh8 21. Kh1 Rxh3 22. gxh3 Qh4 23. cxb6 Qxh3 24. Rg1 Rh8 25. Bd6 Ng4 26. Rxg4 fxg4 27. bxa7 Ke6 28. Bg3 Be5 29. Qg1 Ra8 30. Bxe5 Kxe5 31. Qxg4 Qxg4 32. Nxg4+ Kf5 33. Rg1 Rxa7 34. a4 Rh7+ 35. Nh2 Rb7 36. b4 Bxa4 37. Ra1 Bb5 38. Nf1 Rc7 39. Ng3+ Kg4 40. Ra5 Rb7 41. Kg2 Bc4 42. Rc5 Rb6 43. Nxe4 1-0

[Event "AUS-ch Major"]
[Site "Cammeray"]
[Date "2018.01.03"]
[Round "3"]
[White "Dickson, Ian C"]
[Black "Ho, Lachlan"]
[Result "1-0"]
[WhiteElo "1656"]
[BlackElo "1537"]
[PlyCount "170"]
[EventDate "2018.01.02"]
[EventType "swiss"]
[EventRounds "11"]
[EventCountry "AUS"]
[SourceTitle "CBM 182 Extra"]
[Source "ChessBase"]
[SourceDate "2018.02.23"]
[SourceVersion "1"]
[SourceVersionDate "2018.02.23"]
[SourceQuality "1"]

1. e4 e5 2. Nc3 Nf6 3. Bc4 Nxe4 4. Qh5 Nd6 5. Bb3 Nc6 6. Nb5 g6 7. Qf3 Nf5 8. g4 Nh6 9. d3 f6 10. Be3 d6 11. h3 Qe7 12. 0-0-0 a6 13. Nc3 Be6 14. Bd5 Nb4 15. Bxe6 Qxe6 16. Qxb7 Rd8 17. a3 Na2+ 18. Nxa2 Qxa2 19. Qxc7 Qa1+ 20. Kd2 Qxb2 21. Bb6 Be7 22. Ne2 Kf7 23. Qc4+ d5 24. Qb3 Qxb3 25. cxb3 Rb8 26. Be3 g5 27. f3 Rxb3 28. Rb1 Rhb8 29. Kc2 R3b7 30. Rxb7 Rxb7 31. Ra1 d4 32. Bd2 f5 33. Ng3 f4 34. Ne4 Ng8 35. Ra2 h6 36. Rb2 Rc7+ 37. Kb3 Nf6 38. Nxf6 Kxf6 39. a4 Ke6 40. Ka2 Rc6 41. Ba5 Kd5 42. Kb3 Bf6 43. Rc2 Rd6 44. Rc4 Be7 45. Kc2 Bd8 46. Bb4 Rb6 47. Rc5+ Kd6 48. Rb5+ Kc6 49. Rxb6+ Bxb6 50. Bf8 Kd5 51. Bxh6 Bd8 52. Bf8 e4 53. dxe4+ Kc4 54. e5 Kd5 55. Bd6 a5 56. Kd3 Bb6 57. Be7 Kxe5 58. Bxg5 Bc5 59. h4 Bf8 60. h5 Bg7 61. Bd8 Kd5 62. Bxa5 Bh6 63. Bb6 Bg7 64. a5 Kc6 65. Bxd4 Bf8 66. a6 Bh6 67. Ke4 Kc7 68. Be5+ Kb6 69. Bxf4 Bg7 70. g5 Kxa6 71. Be5 Bf8 72. h6 Be7 73. Kf5 Kb7 74. h7 Ka7 75. h8Q Bc5 76. Bd4 Ka6 77. Bxc5 Kb5 78. Qe5 Kc6 79. Qd6+ Kb7 80. Qb6+ Kc8 81. Qc6+ Kb8 82. Qe8+ Kb7 83. Ke6 Ka6 84. Kd6 Kb7 85. Qd7+ Kb8 1-0

[Event "Australian op"]
[Site "Brisbane"]
[Date "2017.01.03"]
[Round "2"]
[White "Mather, Andrew"]
[Black "Dickson, Ian C"]
[Result "1-0"]
[WhiteElo "1822"]
[BlackElo "1672"]
[PlyCount "33"]
[EventDate "2017.01.02"]
[EventType "swiss"]
[EventRounds "11"]
[EventCountry "AUS"]
[SourceTitle "CBM 176 Extra"]
[Source "ChessBase"]
[SourceDate "2017.03.02"]
[SourceVersion "1"]
[SourceVersionDate "2017.03.02"]
[SourceQuality "1"]

1. d4 d5 2. Bf4 e6 3. Nf3 Bd6 4. Bg3 Bxg3 5. hxg3 Ne7 6. e3 Ng6 7. Bd3 Nd7 8. Nbd2 0-0 9. Ne5 Ndxe5 10. dxe5 c5 11. Qh5 h6 12. Bxg6 fxg6 13. Qxg6 Kh8 14. Rxh6+ gxh6 15. Qxh6+ Kg8 16. Qg6+ Kh8 17. 0-0-0 1-0

[Event "Sydney op-B"]
[Site "Parramatta"]
[Date "2013.04.03"]
[Round "1"]
[White "Dickson, Ian C"]
[Black "Chibnall, Alana"]
[Result "0-1"]
[WhiteElo "1569"]
[BlackElo "1879"]
[PlyCount "62"]
[EventDate "2013.04.03"]
[EventType "swiss"]
[EventRounds "9"]
[EventCountry "AUS"]
[SourceTitle "EXT 2023"]
[Source "ChessBase"]
[SourceDate "2022.10.05"]
[SourceVersion "1"]
[SourceVersionDate "2022.10.05"]
[SourceQuality "1"]

1. Nf3 f5 2. e4 fxe4 3. Ne5 Nf6 4. Bc4 d5 5. Bb3 a5 6. c3 Qd6 7. d4 exd3 8. Nxd3 e5 9. 0-0 Be7 10. Re1 e4 11. Bf4 Qd8 12. Ne5 Nc6 13. Nd2 Bf5 14. Nf1 Nxe5 15. Bxe5 c6 16. Ne3 Bg6 17. c4 Bh5 18. g4 Bf7 19. cxd5 Nxd5 20. Nf5 e3 21. Nxe3 0-0 22. Qd4 Nxe3 23. Qxe3 Bb4 24. Rad1 Qh4 25. Bxf7+ Rxf7 26. Bc3 Qxg4+ 27. Kh1 Bxc3 28. Qxc3 Rxf2 29. Qg3 Qxg3 30. hxg3 Rxb2 31. Re7 Rf8 0-1

[Event "Australian op"]
[Site "Cammeray"]
[Date "2013.01.06"]
[Round "5"]
[White "Dickson, Ian C"]
[Black "Staak, Eric"]
[Result "1/2-1/2"]
[WhiteElo "1790"]
[BlackElo "1671"]
[PlyCount "87"]
[EventDate "2013.01.02"]
[EventType "swiss"]
[EventRounds "11"]
[EventCountry "AUS"]
[SourceTitle "CBM 152 Extra"]
[Source "ChessBase"]
[SourceDate "2013.02.25"]
[SourceVersion "1"]
[SourceVersionDate "2013.02.25"]
[SourceQuality "1"]

1. e4 e6 2. d4 d5 3. e5 Qd7 4. Nf3 b6 5. Bd3 Ba6 6. 0-0 Bxd3 7. Qxd3 Ne7 8. c3 Nf5 9. Be3 Be7 10. a4 a5 11. Bg5 0-0 12. Bxe7 Nxe7 13. Na3 h6 14. Nc2 c5 15. b3 Nbc6 16. Ne3 Rfd8 17. Nd2 Rab8 18. f4 cxd4 19. cxd4 Nb4 20. Qe2 Rbc8 21. Rfc1 Rxc1+ 22. Rxc1 Rc8 23. Qd1 Rxc1 24. Qxc1 Qc6 25. Qxc6 Nexc6 26. Nf3 Nd3 27. f5 Nc1 28. fxe6 fxe6 29. Nc2 Nxb3 30. Kf2 Nc1 31. Ke3 Na2 32. Kd3 Nab4+ 33. Kc3 Nxc2 34. Kxc2 g5 35. g4 Kf7 36. Kc3 Kg6 37. h3 h5 38. Kd3 Nd8 39. Ng1 Nc6 40. Ne2 Na7 41. Nc3 h4 42. Kc2 Kf7 43. Kb3 Ke7 44. Ne2 1/2-1/2

[Event "Australian op"]
[Site "Cammeray"]
[Date "2013.01.05"]
[Round "4"]
[White "Papp, Alexander"]
[Black "Dickson, Ian C"]
[Result "1-0"]
[WhiteElo "1926"]
[BlackElo "1790"]
[PlyCount "81"]
[EventDate "2013.01.02"]
[EventType "swiss"]
[EventRounds "11"]
[EventCountry "AUS"]
[SourceTitle "CBM 152 Extra"]
[Source "ChessBase"]
[SourceDate "2013.02.25"]
[SourceVersion "1"]
[SourceVersionDate "2013.02.25"]
[SourceQuality "1"]

1. d4 Nf6 2. c4 g6 3. Nc3 Bg7 4. e4 d6 5. Nf3 0-0 6. Be2 e5 7. 0-0 Nc6 8. d5 Ne7 9. Re1 Ne8 10. b4 f5 11. Ng5 h6 12. Ne6 Bxe6 13. dxe6 Qc8 14. Bf3 f4 15. Bg4 c6 16. Bb2 Qc7 17. f3 Nf6 18. Bh3 Rad8 19. Qb3 g5 20. Kh1 h5 21. Bf5 Nh7 22. c5 Kh8 23. cxd6 Rxd6 24. Rad1 Rfd8 25. b5 Rxd1 26. Rxd1 Nf8 27. Ba3 Bf6 28. h3 Kg7 29. bxc6 bxc6 30. Rxd8 Qxd8 31. Qb7 Qb6 32. Qa8 Qf2 33. Bc5 Qxc5 34. Qe8 Nxf5 35. Qf7+ Kh8 36. Qxf6+ Kg8 37. exf5 Qxc3 38. Qf7+ Kh8 39. Qxf8+ Kh7 40. Qf7+ Kh6 41. Qg6# 1-0

[Event "Australian op"]
[Site "Cammeray"]
[Date "2013.01.02"]
[Round "1"]
[White "Luchtmeijer, Anthonie Pieter"]
[Black "Dickson, Ian C"]
[Result "1-0"]
[WhiteElo "2108"]
[BlackElo "1790"]
[PlyCount "65"]
[EventDate "2013.01.02"]
[EventType "swiss"]
[EventRounds "11"]
[EventCountry "AUS"]
[SourceTitle "CBM 152 Extra"]
[Source "ChessBase"]
[SourceDate "2013.02.25"]
[SourceVersion "1"]
[SourceVersionDate "2013.02.25"]
[SourceQuality "1"]

1. d4 Nf6 2. c4 g6 3. Nc3 Bg7 4. e4 d6 5. Nf3 0-0 6. Be2 e5 7. 0-0 Nc6 8. d5 Ne7 9. Ne1 Nd7 10. Be3 f5 11. f3 f4 12. Bf2 g5 13. Rc1 Ng6 14. Nb5 Nf6 15. c5 Ne8 16. cxd6 cxd6 17. Nxa7 Bd7 18. Qb3 h5 19. Nc6 bxc6 20. dxc6+ Kh7 21. cxd7 Qxd7 22. Bb5 Qd8 23. a4 Rb8 24. Nd3 Nf6 25. Rfd1 Qe7 26. Nb4 Rbc8 27. Nc6 Qf7 28. Qxf7 Rxf7 29. Rxd6 Rfc7 30. Bb6 Rd7 31. Rcd1 Rb7 32. a5 Bf8 33. Rxf6 1-0

[Event "AUS-ch Reserves"]
[Site "Geelong"]
[Date "2012.01.07"]
[Round "10"]
[White "Dickson, Ian C"]
[Black "Wyss, Felix"]
[Result "1-0"]
[WhiteElo "1815"]
[BlackElo "1912"]
[PlyCount "91"]
[EventDate "2011.12.27"]
[EventType "swiss"]
[EventRounds "11"]
[EventCountry "AUS"]
[SourceTitle "EXT 2023"]
[Source "ChessBase"]
[SourceDate "2022.10.05"]
[SourceVersion "1"]
[SourceVersionDate "2022.10.05"]
[SourceQuality "1"]

1. e4 c5 2. Nf3 d6 3. c3 Nf6 4. Be2 Nxe4 5. Qa4+ Nc6 6. Qxe4 f5 7. Qc2 e5 8. d3 Be7 9. Nbd2 g5 10. Nf1 g4 11. N3d2 h5 12. f3 f4 13. b3 Be6 14. Bb2 Bh4+ 15. g3 Bg5 16. 0-0-0 d5 17. Kb1 Bf5 18. Ne4 Be7 19. Ka1 dxe4 20. dxe4 Bd7 21. gxf4 Qc7 22. f5 gxf3 23. Bxf3 0-0-0 24. Ne3 Bd6 25. Rhg1 Be8 26. Rg2 Qf7 27. Rg6 Qf8 28. Rg2 Ne7 29. Nc4 Ng8 30. Rgd2 Rh6 31. Nxe5 b5 32. c4 b4 33. Rd3 Bc7 34. Rxd8+ Bxd8 35. Qd2 Bc7 36. Qg2 Qe7 37. Nd3 Nf6 38. e5 Ng4 39. Bxg4 hxg4 40. Qxg4 Rh4 41. Qg2 Bh5 42. Qa8+ Bb8 43. Qc6+ Bc7 44. f6 Qf7 45. Nxc5 Bxd1 46. Qa8+ 1-0

[Event "AUS-ch Reserves"]
[Site "Geelong"]
[Date "2011.12.29"]
[Round "3"]
[White "Wan, Dennis"]
[Black "Dickson, Ian C"]
[Result "1/2-1/2"]
[WhiteElo "1835"]
[BlackElo "1815"]
[PlyCount "89"]
[EventDate "2011.12.27"]
[EventType "swiss"]
[EventRounds "11"]
[EventCountry "AUS"]
[SourceTitle "EXT 2023"]
[Source "ChessBase"]
[SourceDate "2022.10.05"]
[SourceVersion "1"]
[SourceVersionDate "2022.10.05"]
[SourceQuality "1"]

1. d4 Nf6 2. Nf3 g6 3. Nc3 Bg7 4. e4 d6 5. Bc4 0-0 6. h3 Nc6 7. a3 e5 8. Be3 exd4 9. Nxd4 Bd7 10. Qd2 Re8 11. f3 Nxd4 12. Bxd4 Bc6 13. 0-0-0 a6 14. g4 Nd7 15. Bxg7 Kxg7 16. Qd4+ Qf6 17. Qxf6+ Nxf6 18. Nd5 Nxd5 19. Bxd5 Bxd5 20. Rxd5 f6 21. Kd2 Re5 22. c4 Rd8 23. Kc3 h6 24. Rhd1 Rde8 25. b4 Kf7 26. b5 axb5 27. cxb5 Rxd5 28. Rxd5 Ra8 29. Kb4 b6 30. h4 Re8 31. Kc3 Re5 32. Kd4 Re8 33. Kc4 Ra8 34. Rd3 Ke6 35. Kd4 Ra4+ 36. Ke3 g5 37. f4 Ra5 38. f5+ Ke7 39. hxg5 hxg5 40. Rb3 Ra8 41. Kd4 Rh8 42. Kd5 Kd7 43. Rg3 Rh1 44. Kd4 Rd1+ 45. Kc4 1/2-1/2

[Event "AUS-ch Major"]
[Site "Cammeray"]
[Date "2011.01.02"]
[Round "1"]
[White "Dickson, Ian C"]
[Black "Hamilton, Douglas Gibson"]
[Result "0-1"]
[WhiteElo "1856"]
[BlackElo "2207"]
[PlyCount "58"]
[EventDate "2011.01.02"]
[EventType "swiss"]
[EventRounds "11"]
[EventCountry "AUS"]
[SourceTitle "CBM 140 Extra"]
[Source "ChessBase"]
[SourceDate "2011.03.01"]
[SourceVersion "1"]
[SourceVersionDate "2011.03.01"]
[SourceQuality "1"]

1. e4 c5 2. Nf3 Nc6 3. Bb5 e6 4. Nc3 Nge7 5. 0-0 a6 6. Bxc6 Nxc6 7. d4 cxd4 8. Nxd4 Be7 9. Nxc6 bxc6 10. e5 Qc7 11. Bf4 Rb8 12. b3 Rb4 13. Bg3 c5 14. Qe2 Bb7 15. a3 Rd4 16. Rad1 0-0 17. a4 Rc8 18. f3 d5 19. exd6 Bxd6 20. Bxd6 Qxd6 21. Ne4 Qe5 22. Ng3 Qd6 23. c3 Rxd1 24. Rxd1 Qb6 25. Qd3 c4+ 26. Qd4 Qxd4+ 27. Rxd4 cxb3 28. Ne4 Bxe4 29. fxe4 Kf8 0-1

[Event "Doeberl Cup Major 48th"]
[Site "Canberra"]
[Date "2010.04.04"]
[Round "5"]
[White "Selnes, Hamish"]
[Black "Dickson, Ian C"]
[Result "0-1"]
[WhiteElo "1690"]
[BlackElo "1537"]
[PlyCount "120"]
[EventDate "2010.04.02"]
[EventType "swiss"]
[EventRounds "7"]
[EventCountry "AUS"]
[SourceTitle "EXT 2012"]
[Source "ChessBase"]
[SourceDate "2011.11.24"]
[SourceVersion "1"]
[SourceVersionDate "2011.11.24"]
[SourceQuality "1"]

1. d4 Nf6 2. c4 Nc6 3. Nf3 e6 4. a3 Be7 5. Nc3 0-0 6. e4 d6 7. Be2 e5 8. d5 Nb8 9. b4 a5 10. Bb2 Ne8 11. 0-0 f5 12. c5 Nf6 13. Nd2 fxe4 14. Ndxe4 Nbd7 15. cxd6 cxd6 16. Rc1 axb4 17. axb4 Qb6 18. Qb3 Nxe4 19. Nxe4 h6 20. Bd3 Nf6 21. Rc2 Bd7 22. Bc1 Ba4 23. Be3 Bxb3 24. Bxb6 Bxc2 25. Bxc2 Rac8 26. Nxf6+ Rxf6 27. Rc1 Rff8 28. Be3 b5 29. Kf1 Rc4 30. Bd3 Rxc1+ 31. Bxc1 Ra8 32. Bd2 Rb8 33. Ke2 g5 34. g4 Kg7 35. Ke3 Bd8 36. Ke4 Kf6 37. f3 Bc7 38. h3 Ke7 39. Kf5 Rf8+ 40. Ke4 Bb6 41. Bxb5 Bd4 42. Bc6 Kd8 43. b5 Kc7 44. Ba5+ Bb6 45. Bd2 Rf6 46. Bc1 Bc5 47. Bd2 Kb6 48. Bd7 Rf7 49. Bc6 Ra7 50. Kf5 Ra2 51. Be1 Rh2 52. Bc3 Rxh3 53. Ke4 Rh1 54. Bd7 Rc1 55. Kd3 Rd1+ 56. Ke4 Rf1 57. Bc6 Rf2 58. Ba1 Ra2 59. Bc3 Ra4+ 60. Kd3 Rf4 0-1

[Event "AUS-ch Major"]
[Site "Cammeray"]
[Date "2010.01.08"]
[Round "6"]
[White "Dickson, Ian C"]
[Black "Bennett, Matthew"]
[Result "1-0"]
[WhiteElo "1521"]
[BlackElo "1350"]
[PlyCount "85"]
[EventDate "2010.01.02"]
[EventType "swiss"]
[EventRounds "11"]
[EventCountry "AUS"]
[SourceTitle "EXT 2011"]
[Source "ChessBase"]
[SourceDate "2010.11.26"]
[SourceVersion "1"]
[SourceVersionDate "2010.11.26"]
[SourceQuality "1"]

1. e4 e6 2. d4 d5 3. e5 c5 4. c3 Nc6 5. Nf3 Qb6 6. Bd3 cxd4 7. cxd4 Bd7 8. Nc3 a6 9. 0-0 Nxd4 10. Nxd4 Qxd4 11. Qe2 Ne7 12. Kh1 Nc6 13. Be3 Qxe5 14. f4 Qd6 15. Rad1 g6 16. Bc4 Qe7 17. Bxd5 0-0-0 18. Bc4 Qb4 19. a3 Qa5 20. Qf2 Kc7 21. b4 Nxb4 22. axb4 Qxb4 23. Bd5 Bc6 24. Bxc6 bxc6 25. Rxd8 Kxd8 26. Bb6+ Kc8 27. Qd4 Qxd4 28. Bxd4 Rg8 29. Ra1 c5 30. Be5 Bg7 31. Bxg7 Rxg7 32. Rxa6 Kb7 33. Rd6 Kc7 34. Rd2 f5 35. Kg1 Kc6 36. Kf2 Ra7 37. Re2 Ra3 38. Rxe6+ Kd7 39. Re3 c4 40. Nd5 Ra6 41. Rc3 Ra2+ 42. Kf3 Ke6 43. Ne3 1-0

[Event "AUS-ch Major"]
[Site "Cammeray"]
[Date "2010.01.04"]
[Round "3"]
[White "Davis, Tony J"]
[Black "Dickson, Ian C"]
[Result "1/2-1/2"]
[WhiteElo "1816"]
[BlackElo "1521"]
[PlyCount "99"]
[EventDate "2010.01.02"]
[EventType "swiss"]
[EventRounds "11"]
[EventCountry "AUS"]
[SourceTitle "EXT 2011"]
[Source "ChessBase"]
[SourceDate "2010.11.26"]
[SourceVersion "1"]
[SourceVersionDate "2010.11.26"]
[SourceQuality "1"]

1. d4 Nf6 2. Nc3 d5 3. Bg5 g6 4. Qd2 Bg7 5. Bh6 0-0 6. 0-0-0 Nbd7 7. f3 c6 8. e4 dxe4 9. fxe4 Nb6 10. Nf3 Bg4 11. Be2 Re8 12. h3 Bxf3 13. gxf3 e5 14. Bxg7 Kxg7 15. f4 exd4 16. Qxd4 Qxd4 17. Rxd4 c5 18. Rd3 Nxe4 19. Nxe4 Rxe4 20. Bf3 Rxf4 21. Bxb7 Rb8 22. Bc6 Nc4 23. Rb3 Rxb3 24. axb3 Rf6 25. Be4 Nd6 26. Bd3 a5 27. Kd2 Nf5 28. Ra1 Ng3 29. Rxa5 Rd6 30. Ke3 Rc6 31. Ra7 Kf6 32. Kf4 Nh5+ 33. Kg4 Ng7 34. Bc4 h5+ 35. Kf3 Ne6 36. Ke3 Rc7 37. Ra6 Ke5 38. Ra5 Nf4 39. b4 Nd5+ 40. Bxd5 Kxd5 41. b3 Rc6 42. Kf4 f6 43. b5 Rb6 44. Ra8 Kd4 45. c4 Re6 46. Rd8+ Kc3 47. Rd5 Kb4 48. h4 Rb6 49. Ke4 Re6+ 50. Kf4 1/2-1/2

[Event "Doeberl Cup Major 47th"]
[Site "Canberra"]
[Date "2009.04.10"]
[Round "1"]
[White "Dickson, Ian C"]
[Black "Watson, Jean"]
[Result "1-0"]
[WhiteElo "1528"]
[BlackElo "1330"]
[PlyCount "39"]
[EventDate "2009.04.10"]
[EventType "swiss"]
[EventRounds "6"]
[EventCountry "AUS"]
[SourceTitle "CBM 129 Extra"]
[Source "ChessBase"]
[SourceDate "2009.05.05"]
[SourceVersion "2"]
[SourceVersionDate "2009.05.20"]
[SourceQuality "1"]

1. e4 e6 2. d4 d5 3. e5 c5 4. c3 Nc6 5. Nf3 Bd7 6. Bd3 Qb6 7. dxc5 Bxc5 8. 0-0 Qc7 9. b4 Be7 10. Re1 f6 11. Bf4 fxe5 12. Nxe5 Nxe5 13. Qh5+ g6 14. Bxg6+ Kd8 15. Bxe5 Bd6 16. Bxh8 hxg6 17. Qh7 Ne7 18. Bf6 e5 19. Qg8+ Be8 20. Qxd5 1-0

[Event "Doeberl Cup Major 47th"]
[Site "Canberra"]
[Date "2009.04.10"]
[Round "2"]
[White "Norman, Brendan"]
[Black "Dickson, Ian C"]
[Result "1-0"]
[WhiteElo "1922"]
[BlackElo "1528"]
[PlyCount "69"]
[EventDate "2009.04.10"]
[EventType "swiss"]
[EventRounds "6"]
[EventCountry "AUS"]
[SourceTitle "CBM 129 Extra"]
[Source "ChessBase"]
[SourceDate "2009.05.05"]
[SourceVersion "2"]
[SourceVersionDate "2009.05.20"]
[SourceQuality "1"]

1. c4 Nf6 2. g3 g6 3. Bg2 Bg7 4. Nc3 c6 5. e4 d6 6. d3 0-0 7. Nge2 e5 8. h3 Nbd7 9. 0-0 Nb6 10. Bg5 h6 11. Be3 Qe7 12. Qd2 Kh7 13. a4 Nbd7 14. b4 c5 15. b5 a5 16. f4 b6 17. Rf2 Bb7 18. f5 g5 19. Bf3 Ng8 20. Kf1 f6 21. Bh5 Rfd8 22. Ke1 Nf8 23. Kd1 Qc7 24. Kc2 Ne7 25. Raf1 Bc8 26. h4 gxh4 27. g4 Bd7 28. Rh2 Be8 29. Bxe8 Rxe8 30. Rxh4 Kg8 31. Bxh6 Nc8 32. Nd5 Qf7 33. Bxg7 Qxg7 34. g5 fxg5 35. f6 1-0

[Event "Sydney op"]
[Site "Parramatta"]
[Date "2007.04.14"]
[Round "8"]
[White "Tredinnick, Malcolm Robert"]
[Black "Dickson, Ian C"]
[Result "1-0"]
[WhiteElo "2205"]
[BlackElo "1923"]
[PlyCount "37"]
[EventDate "2007.04.10"]
[EventType "swiss"]
[EventRounds "9"]
[EventCountry "AUS"]
[SourceTitle "EXT 2023"]
[Source "ChessBase"]
[SourceDate "2022.10.05"]
[SourceVersion "1"]
[SourceVersionDate "2022.10.05"]
[SourceQuality "1"]

1. c4 Nf6 2. Nc3 c5 3. g3 Nc6 4. Bg2 g6 5. Nf3 Bg7 6. 0-0 0-0 7. d4 cxd4 8. Nxd4 Nxd4 9. Qxd4 d6 10. Qd3 Rb8 11. c5 dxc5 12. Qxd8 Rxd8 13. Bf4 Ra8 14. Rfd1 Nd7 15. Nd5 e5 16. Be3 Bf8 17. Bg5 Re8 18. Nc7 f6 19. Be3 1-0